[Event "GER-ch Youth U16 2019"]
[Site "Willingen"]
[Date "2019.06.09"]
[Round "2.7"]
[White "Fromm, Marius"]
[Black "Nguyen, Alex Dac-Vuong"]
[Result "1/2-1/2"]
[WhiteElo "2038"]
[BlackElo "2287"]
[Annotator "TA"]
[PlyCount "59"]
[EventDate "2019.06.07"]
[EventType "swiss"]
[EventRounds "9"]
[EventCountry "GER"]
[SourceTitle "playchess.com"]
[Source "ChessBase"]
[SourceQuality "1"]

{[%evp 14,59,46,27,52,25,23,25,14,22,37,26,32,33,53,58,83,81,97,99,121,108,120,110,97,112,113,94,86,82,125,74,90,80,82,83,119,37,50,16,13,0,0,0,0,0,0,0]} 1. Nf3 Nf6 2. c4 g6 3. Nc3 Bg7 4. g3 O-O 5. Bg2 d6 6. d4 Nc6 7. O-O a6 8. Bf4 h6 {E63: King's Indian: Fianchetto: Panno Variation with 7...a6} 9. Qd2 $146 ({Predecessor:} 9. h3 Nh5 10. Be3 f5 11. d5 Na5 12. Qd3 c5 13. dxc6 Nxc6 14. c5 dxc5 15. Qc4+ Kh7 16. Bxc5 {1-0 (45) Gagunashvili,M (2569)-Fedoseev,V (2685) Gjakova 2016}) 9... g5 10. Be3 Ng4 {White has an edge.} 11. Rad1 Rb8 12. d5 Nxe3 13. Qxe3 Na5 14. b3 $1 Bd7 15. c5 dxc5 16. Qxc5 b6 17. Qe3 Nb7 18. h4 gxh4 19. Nxh4 Nd6 20. Ne4 a5 21. Qf4 Rc8 22. Nd2 (22. Nxd6 $142 exd6 23. Nf5) 22... Qe8 23. Ndf3 e5 24. dxe6 $1 Qxe6 {[#]} 25. Nd4 ({White should play} 25. e4 $1 $16 {[%mdl 512]}) 25... Qf6 26. Qxf6 Bxf6 {The position is equal.} 27. Bc6 Bxc6 28. Nxc6 Rce8 29. e3 Bxh4 30. gxh4 {Accuracy: White = 53%, Black = 43%.} 1/2-1/2

[Event "GER-ch Youth U16 2019"]
[Site "Willingen"]
[Date "2019.06.09"]
[Round "2.8"]
[White "Burian, Simon"]
[Black "Stork, Oliver"]
[Result "1/2-1/2"]
[WhiteElo "2001"]
[BlackElo "2224"]
[Annotator "NA"]
[PlyCount "54"]
[EventDate "2019.06.07"]
[EventType "swiss"]
[EventRounds "9"]
[EventCountry "GER"]
[SourceTitle "playchess.com"]
[Source "ChessBase"]
[SourceQuality "1"]
[TimeControl "40/5400+30:1800+30"]

1. e4 {[%emt 0:00:00]} e5 {[%emt 0:00:00]} 2. Nf3 {[%emt 0:00:00]} Nc6 {[%emt 0:00:00]} 3. Bc4 {[%emt 0:00:00]} Bc5 {[%emt 0:00:00]} 4. b4 {[%emt 0:00:15]} Bxb4 {[%emt 0:00:00]} 5. c3 {[%emt 0:00:07]} Ba5 {[%emt 0:00:00]} 6. d4 {[%emt 0:00:12]} b5 {[%emt 0:00:06]} 7. Bd5 {[%emt 0:06:29]} Nge7 {[%emt 0:00:10]} 8. Nxe5 {[%emt 0:05:13]} Nxd5 {[%emt 0:02:07]} 9. exd5 {[%emt 0:00:20]} Nxe5 {[%emt 0:00:05]} 10. dxe5 {[%emt 0:00:10]} O-O {[%emt 0:02:06]} 11. O-O {[%emt 0:02:25]} d6 {[%emt 0:02:01]} 12. Ba3 {[%emt 0:08:34]} Re8 {[%emt 0:05:32]} 13. exd6 {[%emt 0:01:31]} cxd6 {[%emt 0:00:08]} 14. Qd3 {[%emt 0:05:53]} Qd7 {[%emt 0:14:53]} 15. Nd2 {[%emt 0:04:01]} Bb7 {[%emt 0:01:18]} 16. Rfe1 {[%emt 0:06:31]} Rac8 {[%emt 0:10:26]} 17. Bb4 {[%emt 0:02:43]} Bb6 {[%emt 0:02:59]} 18. Nf3 {[%emt 0:04:03]} h6 {[%emt 0:06:05]} 19. h3 {[%emt 0:03:53]} a5 {[%emt 0:09:39]} 20. Ba3 {[%emt 0:00:18]} Bc5 {[%emt 0:11:37]} 21. Bb2 {[%emt 0:04:04]} Ba6 {[%emt 0:04:21]} 22. Nh4 {[%emt 0:10:09]} Re5 {[%emt 0:06:03]} 23. Rxe5 {[%emt 0:02:23]} dxe5 {[%emt 0:00:05]} 24. Re1 {[%emt 0:03:47]} Re8 {[%emt 0:03:57]} 25. Qg3 {[%emt 0:03:59]} Bb7 {[%emt 0:05:57]} 26. c4 {[%emt 0:04:33]} bxc4 {[%emt 0:04:03]} 27. Rxe5 {[%emt 0:00:29]} Rxe5 {[%emt 0:00:36] normal} 1/2-1/2

[Event "GER-ch Youth U16 2019"]
[Site "Willingen"]
[Date "2019.06.09"]
[Round "2.9"]
[White "Hommel, Niclas"]
[Black "Koehler, Lukas"]
[Result "1-0"]
[WhiteElo "1953"]
[BlackElo "2068"]
[Annotator "NA"]
[PlyCount "51"]
[EventDate "2019.06.07"]
[EventType "swiss"]
[EventRounds "9"]
[EventCountry "GER"]
[SourceTitle "playchess.com"]
[Source "ChessBase"]
[SourceQuality "1"]
[TimeControl "40/5400+30:1800+30"]

1. e4 {[%emt 0:00:00]} c6 {[%emt 0:00:00]} 2. Nf3 {[%emt 0:00:11]} d5 {[%emt 0:00:00]} 3. exd5 {[%emt 0:00:05]} cxd5 {[%emt 0:00:00]} 4. Ne5 {[%emt 0:00:04]} Nd7 {[%emt 0:12:37]} 5. d4 {[%emt 0:03:15]} e6 {[%emt 0:05:46]} 6. Nd2 {[%emt 0:06:05]} Bd6 {[%emt 0:09:51]} 7. Ndf3 {[%emt 0:00:06]} Qc7 {[%emt 0:04:33]} 8. Nxd7 {[%emt 0:10:21]} Bxd7 {[%emt 0:00:21]} 9. Bd3 {[%emt 0:00:04]} h6 {[%emt 0:04:30]} 10. O-O {[%emt 0:00:57]} Nf6 {[%emt 0:00:30]} 11. Re1 {[%emt 0:03:56]} Bc6 {[%emt 0:06:36]} 12. Ne5 {[%emt 0:03:26]} Nd7 {[%emt 0:17:45]} 13. Bf4 {[%emt 0:10:20]} Bxe5 {[%emt 0:01:16]} 14. dxe5 {[%emt 0:04:15]} Qb6 {[%emt 0:03:05]} 15. b3 {[%emt 0:06:22]} Rc8 {[%emt 0:04:28]} 16. Qg4 {[%emt 0:02:08]} Kf8 {[%emt 0:04:48]} 17. h4 {[%emt 0:12:06]} h5 {[%emt 0:07:06]} 18. Qg3 {[%emt 0:04:34]} Bb5 {[%emt 0:01:26]} 19. Be3 {[%emt 0:02:53]} Qa6 {[%emt 0:00:51]} 20. Rac1 {[%emt 0:02:17]} Bxd3 {[%emt 0:03:35]} 21. cxd3 {[%emt 0:00:11]} Rc6 {[%emt 0:02:06]} 22. Qg5 {[%emt 0:01:27]} Qa5 {[%emt 0:03:24]} 23. b4 {[%emt 0:02:04]} f6 {[%emt 0:00:51]} 24. exf6 {[%emt 0:00:37]} gxf6 {[%emt 0:00:02]} 25. Qh6+ {[%emt 0:00:11]} Rxh6 26. Bxh6+ {normal} 1-0

[Event "GER-ch Youth U16 2019"]
[Site "Willingen"]
[Date "2019.06.09"]
[Round "2.10"]
[White "Wachinger, Nikolas"]
[Black "Biermann, Florian"]
[Result "1-0"]
[WhiteElo "2311"]
[BlackElo "2018"]
[Annotator "TA"]
[PlyCount "66"]
[EventDate "2019.06.07"]
[EventType "swiss"]
[EventRounds "9"]
[EventCountry "GER"]
[SourceTitle "playchess.com"]
[Source "ChessBase"]
[SourceQuality "1"]

{[%evp 23,66,44,47,47,53,-27,-12,-56,-17,-180,-77,-125,-118,-125,-132,-129,-126,-129,-145,-152,-147,-137,-133,-158,-143,-133,-46,-123,-118,-136,-157,-160,-94,-145,-159,-147,-77,-90,-72,-81,0,0,0,0,71]} 1. e4 c5 2. Nf3 d6 3. d4 cxd4 4. Nxd4 Nf6 5. Nc3 a6 6. Be3 e5 7. Nb3 Be7 8. f3 Be6 9. Qd2 O-O 10. O-O-O a5 11. a4 Na6 12. g4 Nb4 13. Kb1 {B90: Sicilian Najdorf: Unusual White 6th moves, 6 Be3 Ng4 and 6 Be3 e5} (13. g5 Nh5 14. Bb5 Rc8 15. Kb1 f5 16. gxf6 Nxf6 17. Rhg1 d5 18. Bh6 Rf7 19. Qg5 Ng4 20. Qh5 Nxh6 21. Qxh6 {1-0 (41) Yu,Y (2759)-Gao,R (2561) Tianjin 2018}) 13... Rc8 14. Qf2 (14. g5 $14 Nd7 15. Bb5) 14... d5 $1 $11 {Threatening ...d4.} 15. Bb6 $146 ({Predecessor:} 15. g5 Nh5 16. Bb6 Qd6 17. Nb5 Qc6 18. Nxa5 Qxc2+ 19. Qxc2 Rxc2 20. Nc7 Bxg5 {½-½ (20) Ilyasov,A (2250)-Petruzzelli,R (2072) ICCF email 2011}) 15... Qd6 16. Nb5 $2 (16. Bxa5 $11 {and White stays safe.} d4 17. Nb5) 16... Qd7 (16... Qc6 $19 {is more deadly. Strongly threatening ...d4.} 17. Nxa5 Qxc2+ 18. Qxc2 Rxc2) 17. c3 {Black must now prevent g5.} d4 $1 18. Nxa5 {[#]} dxc3 $1 {[%cal Rd7d1][%mdl 64] Discovered Attack} 19. Rxd7 c2+ 20. Qxc2 Ba2+ ({Reject} 20... Rxc2 $6 21. Rc7 $11) 21. Ka1 Nxc2+ 22. Kxa2 Nxd7 23. Bf2 Nb4+ 24. Kb3 Nc6 (24... Rc1 $17 {Threatens to win with ...Nd3!} 25. Be3 Re1) 25. Nc4 ({White should try} 25. Nxc6 $1 $15 bxc6 26. Nc3) 25... Bc5 $17 26. Bxc5 Nxc5+ 27. Ka3 Rfd8 (27... Rcd8 $142 {And now ...Rd1! would win.} 28. Ncd6 Rd7) 28. Ncd6 {[#]} (28. b4 $142 Ne6 29. Ncd6) 28... Ra8 $1 {[%csl Gc5][%cal Ra8a4]} 29. b3 Nd4 (29... Rd7 $142 30. Be2 Ne6) 30. Bc4 Nxb5+ 31. Nxb5 Rd2 ({Black should play} 31... Ne6 $17) 32. Bd5 $1 $11 Rd8 33. Rc1 $1 {[%cal Rc1c5]} Ne6 {Accuracy: White = 44%, Black = 47%.} (33... b6 $11 {keeps the balance.}) 1-0

[Event "GER-ch Youth U16 2019"]
[Site "Willingen"]
[Date "2019.06.09"]
[Round "2.11"]
[White "Kopylov, Daniel"]
[Black "Huber, Benedikt"]
[Result "1-0"]
[WhiteElo "2263"]
[BlackElo "2051"]
[Annotator "NA"]
[PlyCount "56"]
[EventDate "2019.06.07"]
[EventType "swiss"]
[EventRounds "9"]
[EventCountry "GER"]
[SourceTitle "playchess.com"]
[Source "ChessBase"]
[SourceQuality "1"]
[TimeControl "40/5400+30:1800+30"]

1. e4 {[%emt 0:00:00]} c5 {[%emt 0:00:00]} 2. Nf3 {[%emt 0:00:00]} e6 {[%emt 0:00:08]} 3. g3 {[%emt 0:00:24]} Nc6 {[%emt 0:00:28]} 4. Bg2 {[%emt 0:00:10]} Nf6 {[%emt 0:00:30]} 5. d3 {[%emt 0:01:48]} d5 {[%emt 0:00:19]} 6. Nbd2 {[%emt 0:00:24]} Be7 {[%emt 0:00:22]} 7. O-O {[%emt 0:00:25]} O-O {[%emt 0:00:40]} 8. e5 {[%emt 0:00:35]} Nd7 {[%emt 0:00:24]} 9. Re1 {[%emt 0:00:16]} Qc7 {[%emt 0:00:20]} 10. Qe2 {[%emt 0:00:33]} b5 {[%emt 0:00:28]} 11. Nf1 {[%emt 0:00:47]} a5 {[%emt 0:00:34]} 12. h4 {[%emt 0:00:26]} Ba6 {[%emt 0:00:20]} 13. N1h2 {[%emt 0:01:27]} Rfc8 {[%emt 0:01:11]} 14. Bg5 {[%emt 0:02:11]} Qd8 {[%emt 0:07:35]} 15. Qd2 {[%emt 0:22:58]} b4 {[%emt 0:10:00]} 16. Qf4 {[%emt 0:04:58]} a4 {[%emt 0:18:46]} 17. a3 {[%emt 0:05:07]} h6 {[%emt 0:09:41]} 18. Bxe7 {[%emt 0:06:24]} Qxe7 {[%emt 0:00:35]} 19. h5 {[%emt 0:00:21]} Nb6 {[%emt 0:04:56]} 20. Rac1 {[%emt 0:10:00]} c4 {[%emt 0:12:26]} 21. d4 {[%emt 0:02:40]} bxa3 {[%emt 0:00:11]} 22. bxa3 {[%emt 0:00:12]} Qxa3 {[%emt 0:01:34]} 23. g4 {[%emt 0:00:38]} Qe7 {[%emt 0:09:14]} 24. g5 {[%emt 0:01:13]} hxg5 {[%emt 0:00:32]} 25. Nxg5 {[%emt 0:00:44]} Nd7 {[%emt 0:00:21]} 26. c3 {[%emt 0:01:13]} Nf8 {[%emt 0:04:11]} 27. Ra1 {[%emt 0:10:55]} Bb5 {[%emt 0:00:46]} 28. Re3 {[%emt 0:04:37]} Nh7 {[%emt 0:06:18] normal} 1-0

[Event "GER-ch Youth U16 2019"]
[Site "Willingen"]
[Date "2019.06.09"]
[Round "2.12"]
[White "Roehr, Tobias"]
[Black "Jeschke, Jan"]
[Result "1-0"]
[WhiteElo "2208"]
[BlackElo "1915"]
[Annotator "NA"]
[PlyCount "58"]
[EventDate "2019.06.07"]
[EventType "swiss"]
[EventRounds "9"]
[EventCountry "GER"]
[SourceTitle "playchess.com"]
[Source "ChessBase"]
[SourceQuality "1"]
[TimeControl "40/5400+30:1800+30"]

1. d4 {[%emt 0:00:00]} Nf6 {[%emt 0:00:00]} 2. c4 {[%emt 0:00:00]} e6 {[%emt 0:00:00]} 3. Nf3 {[%emt 0:00:00]} Bb4+ {[%emt 0:00:14]} 4. Nbd2 {[%emt 0:00:00]} b6 {[%emt 0:01:19]} 5. a3 {[%emt 0:02:58]} Bxd2+ {[%emt 0:00:07]} 6. Bxd2 {[%emt 0:01:01]} Ba6 {[%emt 0:03:09]} 7. Qc2 {[%emt 0:08:13]} O-O {[%emt 0:10:29]} 8. Bg5 {[%emt 0:02:41]} c5 {[%emt 0:04:52]} 9. e4 {[%emt 0:07:12]} Qc7 {[%emt 0:05:51]} 10. e5 {[%emt 0:07:27]} Nh5 {[%emt 0:05:50]} 11. g4 {[%emt 0:05:42]} Bb7 {[%emt 0:00:31]} 12. Be2 {[%emt 0:10:04]} f6 {[%emt 0:00:56]} 13. Rg1 {[%emt 0:04:21]} Bxf3 {[%emt 0:03:17]} 14. gxh5 {[%emt 0:05:32]} fxg5 {[%emt 0:01:41]} 15. Bxf3 {[%emt 0:01:19]} Rxf3 {[%emt 0:01:38]} 16. Qe4 {[%emt 0:01:12]} Nc6 {[%emt 0:03:50]} 17. Qxf3 {[%emt 0:00:14]} Rf8 {[%emt 0:00:04]} 18. Qg4 {[%emt 0:03:31]} Nxd4 {[%emt 0:00:15]} 19. O-O-O {[%emt 0:02:05]} Rxf2 {[%emt 0:06:09]} 20. Qxg5 {[%emt 0:03:56]} Ne2+ {[%emt 0:00:49]} 21. Kb1 {[%emt 0:00:06]} Nxg1 {[%emt 0:00:37]} 22. Rxg1 {[%emt 0:01:09]} Rf7 {[%emt 0:00:26]} 23. h6 {[%emt 0:02:59]} g6 {[%emt 0:03:23]} 24. Rd1 {[%emt 0:07:19]} Rf5 {[%emt 0:06:34]} 25. Qe7 {[%emt 0:02:46]} Qxe5 {[%emt 0:00:29]} 26. Qxd7 {[%emt 0:03:22]} Rf7 {[%emt 0:09:43]} 27. Qc8+ {[%emt 0:01:05]} Rf8 {[%emt 0:00:06]} 28. Qb7 {[%emt 0:01:09]} Qf6 {[%emt 0:07:44]} 29. Qxa7 {[%emt 0:05:47]} e5 {[%emt 0:01:28] normal} 1-0

[Event "GER-ch Youth U16 2019"]
[Site "Willingen"]
[Date "2019.06.09"]
[Round "2.13"]
[White "Richter, Nils"]
[Black "Buller, Ian Joshua"]
[Result "1-0"]
[WhiteElo "2115"]
[BlackElo "1904"]
[Annotator "NA"]
[PlyCount "46"]
[EventDate "2019.06.07"]
[EventType "swiss"]
[EventRounds "9"]
[EventCountry "GER"]
[SourceTitle "playchess.com"]
[Source "ChessBase"]
[SourceQuality "1"]
[TimeControl "40/5400+30:1800+30"]

1. e4 {[%emt 0:00:00]} c5 {[%emt 0:00:00]} 2. Nf3 {[%emt 0:00:00]} d6 {[%emt 0:00:00]} 3. d4 {[%emt 0:00:00]} cxd4 {[%emt 0:00:00]} 4. Nxd4 {[%emt 0:00:00]} Nf6 {[%emt 0:00:00]} 5. Nc3 {[%emt 0:00:06]} a6 {[%emt 0:00:06]} 6. Rg1 {[%emt 0:00:15]} b5 {[%emt 0:10:10]} 7. g4 {[%emt 0:00:07]} Bb7 {[%emt 0:00:58]} 8. Bg2 {[%emt 0:00:08]} Qc7 {[%emt 0:23:09]} 9. Be3 {[%emt 0:04:49]} Nc6 {[%emt 0:05:04]} 10. g5 {[%emt 0:01:43]} Nd7 {[%emt 0:01:16]} 11. Nd5 {[%emt 0:09:15]} Qc8 {[%emt 0:03:34]} 12. Bh3 {[%emt 0:14:12]} Nxd4 {[%emt 0:03:35]} 13. Qxd4 {[%emt 0:21:40]} e6 {[%emt 0:02:01]} 14. Nc3 {[%emt 0:01:06]} Ne5 {[%emt 0:12:25]} 15. Rg3 {[%emt 0:02:00]} Qc4 {[%emt 0:06:10]} 16. f4 {[%emt 0:06:58]} Qxd4 {[%emt 0:01:40]} 17. Bxd4 {[%emt 0:00:01]} Nc6 {[%emt 0:07:47]} 18. Bf2 {[%emt 0:02:30]} Be7 {[%emt 0:03:46]} 19. O-O-O {[%emt 0:02:12]} b4 {[%emt 0:05:01]} 20. Na4 {[%emt 0:01:15]} h6 {[%emt 0:03:48]} 21. g6 {[%emt 0:01:49]} O-O {[%emt 0:01:39]} 22. Nb6 {[%emt 0:05:24]} Rad8 {[%emt 0:00:29]} 23. Nc4 {[%emt 0:00:49]} e5 {[%emt 0:00:55] normal} 1-0

[Event "GER-ch Youth U16 2019"]
[Site "Willingen"]
[Date "2019.06.09"]
[Round "2.14"]
[White "Pahl, Erik"]
[Black "Rietschel, Tilo"]
[Result "0-1"]
[WhiteElo "2113"]
[BlackElo "2005"]
[Annotator "NA"]
[PlyCount "60"]
[EventDate "2019.06.07"]
[EventType "swiss"]
[EventRounds "9"]
[EventCountry "GER"]
[SourceTitle "playchess.com"]
[Source "ChessBase"]
[SourceQuality "1"]
[TimeControl "40/5400+30:1800+30"]

1. e4 {[%emt 0:00:00]} c5 {[%emt 0:00:00]} 2. Nf3 {[%emt 0:00:00]} d6 {[%emt 0:00:00]} 3. d4 {[%emt 0:00:00]} cxd4 {[%emt 0:00:00]} 4. Nxd4 {[%emt 0:00:00]} Nf6 {[%emt 0:00:00]} 5. Nc3 {[%emt 0:00:00]} g6 {[%emt 0:00:00]} 6. Be3 {[%emt 0:00:08]} Bg7 {[%emt 0:00:05]} 7. f3 {[%emt 0:00:09]} O-O {[%emt 0:00:06]} 8. Qd2 {[%emt 0:00:03]} Nc6 {[%emt 0:00:05]} 9. Bc4 {[%emt 0:00:22]} Bd7 {[%emt 0:00:07]} 10. O-O-O {[%emt 0:00:07]} Rc8 {[%emt 0:00:24]} 11. Bb3 {[%emt 0:00:07]} Ne5 {[%emt 0:00:04]} 12. Kb1 {[%emt 0:00:07]} Nc4 {[%emt 0:01:59]} 13. Bxc4 {[%emt 0:00:07]} Rxc4 {[%emt 0:00:02]} 14. g4 {[%emt 0:00:07]} b5 {[%emt 0:06:53]} 15. h4 {[%emt 0:01:21]} h5 {[%emt 0:09:09]} 16. g5 {[%emt 0:08:49]} Ne8 {[%emt 0:01:18]} 17. f4 {[%emt 0:02:09]} b4 {[%emt 0:16:34]} 18. Nce2 {[%emt 0:01:59]} Qa5 {[%emt 0:12:49]} 19. Ng3 {[%emt 0:04:12]} Bxd4 {[%emt 0:15:17]} 20. Bxd4 {[%emt 0:00:25]} Nc7 {[%emt 0:07:30]} 21. f5 {[%emt 0:07:53]} Nb5 {[%emt 0:02:39]} 22. Ne2 {[%emt 0:05:35]} Rb8 {[%emt 0:04:31]} 23. Ka1 {[%emt 0:03:06]} Rbc8 {[%emt 0:12:31]} 24. Rc1 {[%emt 0:04:30]} R8c6 {[%emt 0:01:06]} 25. Qd3 {[%emt 0:03:17]} gxf5 {[%emt 0:04:55]} 26. g6 {[%emt 0:02:19]} Be6 {[%emt 0:02:26]} 27. gxf7+ {[%emt 0:01:42]} Bxf7 {[%emt 0:00:51]} 28. Rhg1+ {[%emt 0:04:04]} Kf8 {[%emt 0:00:05]} 29. Rg7 {[%emt 0:01:10]} Be6 {[%emt 0:00:48]} 30. Rf1 {[%emt 0:00:51]} Rxd4 {[%emt 0:00:31] normal} 0-1

[Event "GER-ch Youth U16 2019"]
[Site "Willingen"]
[Date "2019.06.10"]
[Round "3.1"]
[White "Woelk, Tom-Frederic"]
[Black "Dobrikov, Marco"]
[Result "1-0"]
[WhiteElo "2239"]
[BlackElo "2281"]
[Annotator "NA"]
[PlyCount "52"]
[EventDate "2019.06.07"]
[EventType "swiss"]
[EventRounds "9"]
[EventCountry "GER"]
[SourceTitle "playchess.com"]
[Source "ChessBase"]
[SourceQuality "1"]
[TimeControl "40/5400+30:1800+30"]

1. d4 {[%emt 0:00:00]} Nf6 {[%emt 0:00:00]} 2. c4 {[%emt 0:00:00]} g6 {[%emt 0:00:00]} 3. f3 {[%emt 0:00:00]} d5 {[%emt 0:01:01]} 4. cxd5 {[%emt 0:00:00]} Nxd5 {[%emt 0:00:05]} 5. e4 {[%emt 0:00:03]} Nb6 {[%emt 0:00:22]} 6. Nc3 {[%emt 0:00:04]} Bg7 {[%emt 0:00:12]} 7. Be3 {[%emt 0:00:06]} O-O {[%emt 0:00:40]} 8. Qd2 {[%emt 0:00:04]} Nc6 {[%emt 0:06:58]} 9. O-O-O {[%emt 0:00:12]} e5 {[%emt 0:05:56]} 10. d5 {[%emt 0:00:06]} Nd4 {[%emt 0:02:07]} 11. f4 {[%emt 0:00:15]} c5 {[%emt 0:03:50]} 12. fxe5 {[%emt 0:00:08]} Bg4 {[%emt 0:01:36]} 13. Re1 {[%emt 0:00:15]} Bxe5 {[%emt 0:00:33]} 14. h3 {[%emt 0:02:08]} Bd7 {[%emt 0:04:30]} 15. Nf3 {[%emt 0:04:43]} Nxf3 {[%emt 0:02:30]} 16. gxf3 {[%emt 0:00:06]} Rc8 {[%emt 0:09:10]} 17. f4 {[%emt 0:02:51]} Bg7 {[%emt 0:00:04]} 18. h4 {[%emt 0:07:29]} Na4 {[%emt 0:05:16]} 19. Nxa4 {[%emt 0:06:50]} Bxa4 {[%emt 0:00:02]} 20. h5 {[%emt 0:02:04]} c4 {[%emt 0:01:11]} 21. e5 {[%emt 0:02:01]} Qc7 {[%emt 0:19:41]} 22. Bd4 {[%emt 0:04:18]} Rfd8 {[%emt 0:05:50]} 23. d6 {[%emt 0:02:06]} Qc6 {[%emt 0:06:03]} 24. Bg2 {[%emt 0:00:24]} Qa6 {[%emt 0:00:21]} 25. hxg6 {[%emt 0:01:23]} hxg6 {[%emt 0:00:25]} 26. Re3 {[%emt 0:09:29]} Bb3 {[%emt 0:02:11] normal} 1-0

[Event "GER-ch Youth U16 2019"]
[Site "Willingen"]
[Date "2019.06.10"]
[Round "3.2"]
[White "Suvorov, Alexander"]
[Black "Knuedel, Torben"]
[Result "1-0"]
[WhiteElo "2325"]
[BlackElo "2044"]
[Annotator "NA"]
[PlyCount "50"]
[EventDate "2019.06.07"]
[EventType "swiss"]
[EventRounds "9"]
[EventCountry "GER"]
[SourceTitle "playchess.com"]
[Source "ChessBase"]
[SourceQuality "1"]
[TimeControl "40/5400+30:1800+30"]

1. d4 {[%emt 0:00:00]} Nf6 {[%emt 0:00:00]} 2. c4 {[%emt 0:00:00]} d6 {[%emt 0:00:00]} 3. Nc3 {[%emt 0:01:22]} Nbd7 {[%emt 0:00:00]} 4. e4 {[%emt 0:00:43]} e5 {[%emt 0:00:08]} 5. Nf3 {[%emt 0:01:08]} g6 {[%emt 0:00:46]} 6. Be2 {[%emt 0:00:43]} Bg7 {[%emt 0:00:04]} 7. O-O {[%emt 0:01:07]} O-O {[%emt 0:00:11]} 8. Be3 {[%emt 0:00:17]} Re8 {[%emt 0:01:09]} 9. d5 {[%emt 0:00:47]} Nh5 {[%emt 0:00:13]} 10. g3 {[%emt 0:04:16]} Bf8 {[%emt 0:02:21]} 11. Ne1 {[%emt 0:06:11]} Ng7 {[%emt 0:00:05]} 12. Nd3 {[%emt 0:06:25]} f5 {[%emt 0:00:30]} 13. f3 {[%emt 0:06:26]} Be7 {[%emt 0:01:42]} 14. Qd2 {[%emt 0:03:03]} a5 {[%emt 0:00:05]} 15. Rac1 {[%emt 0:03:17]} Rf8 {[%emt 0:07:32]} 16. b3 {[%emt 0:06:38]} b6 {[%emt 0:02:49]} 17. b4 {[%emt 0:07:15]} fxe4 {[%emt 0:09:39]} 18. fxe4 {[%emt 0:04:45]} Nf6 {[%emt 0:00:23]} 19. bxa5 {[%emt 0:06:49]} Bh3 {[%emt 0:18:46]} 20. Rf2 {[%emt 0:01:42]} Rxa5 {[%emt 0:02:10]} 21. Nb4 {[%emt 0:02:41]} Ra3 {[%emt 0:01:33]} 22. Nc6 {[%emt 0:02:50]} Qe8 {[%emt 0:06:15]} 23. Bg5 {[%emt 0:05:31]} Kh8 {[%emt 0:11:04]} 24. Nxe7 {[%emt 0:10:26]} Qxe7 {[%emt 0:00:23]} 25. Qe3 {[%emt 0:01:31]} Bd7 {[%emt 0:06:32] normal} 1-0

[Event "GER-ch Youth U16 2019"]
[Site "Willingen"]
[Date "2019.06.10"]
[Round "3.3"]
[White "Koellner, Ruben Gideon"]
[Black "Hommel, Niclas"]
[Result "1-0"]
[WhiteElo "2299"]
[BlackElo "1953"]
[Annotator "NA"]
[PlyCount "41"]
[EventDate "2019.06.07"]
[EventType "swiss"]
[EventRounds "9"]
[EventCountry "GER"]
[SourceTitle "playchess.com"]
[Source "ChessBase"]
[SourceQuality "1"]
[TimeControl "40/5400+30:1800+30"]

1. d4 {[%emt 0:00:00]} Nf6 {[%emt 0:00:00]} 2. Nf3 {[%emt 0:00:00]} g6 {[%emt 0:00:00]} 3. Nbd2 {[%emt 0:00:04]} d5 {[%emt 0:00:00]} 4. e3 {[%emt 0:00:10]} Bg7 {[%emt 0:00:30]} 5. b4 {[%emt 0:00:36]} O-O {[%emt 0:00:40]} 6. c4 {[%emt 0:02:12]} c6 {[%emt 0:01:14]} 7. Bb2 {[%emt 0:00:39]} Bg4 {[%emt 0:06:16]} 8. Be2 {[%emt 0:01:33]} Nbd7 {[%emt 0:04:35]} 9. O-O {[%emt 0:01:49]} Rc8 {[%emt 0:02:23]} 10. h3 {[%emt 0:05:12]} Bxf3 {[%emt 0:00:04]} 11. Nxf3 {[%emt 0:00:13]} Ne4 {[%emt 0:02:23]} 12. Bd3 {[%emt 0:06:00]} Ndf6 {[%emt 0:04:09]} 13. Qb3 {[%emt 0:08:42]} e6 {[%emt 0:17:25]} 14. Rfc1 {[%emt 0:02:52]} b6 {[%emt 0:15:36]} 15. cxd5 {[%emt 0:07:57]} cxd5 {[%emt 0:02:21]} 16. a4 {[%emt 0:00:20]} Nd6 {[%emt 0:05:28]} 17. Ba3 {[%emt 0:03:31]} Rxc1+ {[%emt 0:00:08]} 18. Rxc1 {[%emt 0:00:09]} Qb8 {[%emt 0:00:02]} 19. Ne5 {[%emt 0:06:07]} Rc8 {[%emt 0:01:04]} 20. Nc6 {[%emt 0:03:09]} Qb7 {[%emt 0:00:08]} 21. Ba6 {[%emt 0:01:04] normal} 1-0

[Event "GER-ch Youth U16 2019"]
[Site "Willingen"]
[Date "2019.06.10"]
[Round "3.4"]
[White "Yi, Danny"]
[Black "Koelle, Tobias"]
[Result "1/2-1/2"]
[WhiteElo "2205"]
[BlackElo "2215"]
[Annotator "NA"]
[PlyCount "37"]
[EventDate "2019.06.07"]
[EventType "swiss"]
[EventRounds "9"]
[EventCountry "GER"]
[SourceTitle "playchess.com"]
[Source "ChessBase"]
[SourceQuality "1"]
[TimeControl "40/5400+30:1800+30"]

1. e4 {[%emt 0:00:00]} e5 {[%emt 0:00:00]} 2. Nf3 {[%emt 0:00:00]} Nc6 {[%emt 0:00:00]} 3. Bc4 {[%emt 0:00:00]} Bc5 {[%emt 0:00:00]} 4. Nc3 {[%emt 0:00:10]} Nf6 {[%emt 0:00:29]} 5. d3 {[%emt 0:00:47]} d6 {[%emt 0:00:09]} 6. Bg5 {[%emt 0:00:23]} h6 {[%emt 0:00:08]} 7. Bxf6 {[%emt 0:00:04]} Qxf6 {[%emt 0:00:05]} 8. Nd5 {[%emt 0:00:05]} Qd8 {[%emt 0:00:06]} 9. c3 {[%emt 0:00:10]} a6 {[%emt 0:00:30]} 10. d4 {[%emt 0:01:23]} exd4 {[%emt 0:03:17]} 11. cxd4 {[%emt 0:00:07]} Ba7 {[%emt 0:00:17]} 12. h3 {[%emt 0:00:39]} O-O {[%emt 0:00:25]} 13. O-O {[%emt 0:00:43]} Ne7 {[%emt 0:03:41]} 14. Rc1 {[%emt 0:01:59]} Nxd5 {[%emt 0:02:09]} 15. Bxd5 {[%emt 0:01:54]} c6 {[%emt 0:00:17]} 16. Bb3 {[%emt 0:00:21]} d5 {[%emt 0:03:22]} 17. exd5 {[%emt 0:01:25]} cxd5 {[%emt 0:00:28]} 18. Qd3 {[%emt 0:01:38]} g6 {[%emt 0:16:53]} 19. Rfe1 {[%emt 0:12:03] normal} 1/2-1/2